[Event "ROM-ch U18"]
[Site "Calimanesti"]
[Date "2018.03.31"]
[Round "6"]
[White "Ion, Dragos Cosmin"]
[Black "Mortu, Adrian"]
[Result "1-0"]
[WhiteElo "1852"]
[BlackElo "1787"]
[PlyCount "93"]
[EventDate "2018.03.27"]
[EventType "swiss"]
[EventRounds "9"]
[EventCountry "ROU"]
[SourceTitle "CBM 183 Extra"]
[Source "ChessBase"]
[SourceDate "2018.04.19"]
[SourceVersion "1"]
[SourceVersionDate "2018.04.19"]
[SourceQuality "1"]

1. d4 d5 2. c4 e6 3. Nc3 c6 4. Nf3 Nf6 5. e3 Be7 6. Qc2 Nbd7 7. b3 a6 8. Bb2 0-0 9. Be2 dxc4 10. bxc4 b5 11. 0-0 Bb7 12. Rfd1 Qc7 13. c5 Nd5 14. Nxd5 exd5 15. e4 dxe4 16. Qxe4 Nf6 17. Qe5 Qd7 18. Rac1 Nd5 19. Qg3 f6 20. Nd2 Bc8 21. Bf3 f5 22. Qe5 Rf6 23. Bxd5+ cxd5 24. Nf3 Rg6 25. Re1 Ra7 26. Qe3 f4 27. Qxf4 Qh3 28. g3 Rf6 29. Qe3 Bf5 30. Ng5 Qh5 31. f4 Rh6 32. Qe2 Bg4 33. Qg2 Kf8 34. Re5 Qg6 35. Rce1 Bxg5 36. fxg5 Rxh2 37. Qxh2 Bf3 38. Qf2 Qh5 39. Qxf3+ Qxf3 40. Rf1 Qxf1+ 41. Kxf1 Rf7+ 42. Ke2 b4 43. g4 h6 44. gxh6 gxh6 45. Rf5 Rxf5 46. gxf5 b3 47. axb3 1-0

[Event "ROM-ch U18"]
[Site "Calimanesti"]
[Date "2018.03.28"]
[Round "2"]
[White "Mortu, Adrian"]
[Black "Chioran, Andrei Ovidiu"]
[Result "1/2-1/2"]
[WhiteElo "1787"]
[BlackElo "1857"]
[PlyCount "60"]
[EventDate "2018.03.27"]
[EventType "swiss"]
[EventRounds "9"]
[EventCountry "ROU"]
[SourceTitle "CBM 183 Extra"]
[Source "ChessBase"]
[SourceDate "2018.04.19"]
[SourceVersion "1"]
[SourceVersionDate "2018.04.19"]
[SourceQuality "1"]

1. e4 e5 2. Nf3 d6 3. Nc3 Bg4 4. Bc4 Nf6 5. d3 Nc6 6. Be3 Be7 7. h3 Bh5 8. Qd2 Na5 9. Bb3 Nxb3 10. axb3 a6 11. Nd5 Nxd5 12. exd5 f6 13. Nh4 Bf7 14. c4 Qd7 15. f4 0-0-0 16. Qb4 f5 17. Nf3 exf4 18. Bf2 Bf6 19. 0-0 g5 20. Rfe1 g4 21. Rxa6 bxa6 22. Ba7 Qe8 23. Rxe8 Rdxe8 24. Qb8+ Kd7 25. Qb7 gxf3 26. Qc6+ Kd8 27. Bb8 Bd4+ 28. Kh2 Bb6 29. c5 Rhg8 30. gxf3 Re2+ 1/2-1/2

[Event "ROM-ch U16"]
[Site "Baile Felix"]
[Date "2017.02.08"]
[Round "8"]
[White "Albu, George"]
[Black "Mortu, Adrian"]
[Result "1-0"]
[WhiteElo "1950"]
[BlackElo "1699"]
[PlyCount "67"]
[EventDate "2017.02.02"]
[EventType "swiss"]
[EventRounds "9"]
[EventCountry "ROU"]
[SourceTitle "CBM 176 Extra"]
[Source "ChessBase"]
[SourceDate "2017.03.02"]
[SourceVersion "1"]
[SourceVersionDate "2017.03.02"]
[SourceQuality "1"]

1. d4 d6 2. Nf3 g6 3. c4 Bg7 4. Nc3 Nf6 5. e4 Nc6 6. d5 Ne5 7. Nxe5 dxe5 8. Be2 0-0 9. Be3 c6 10. dxc6 Qxd1+ 11. Rxd1 bxc6 12. f3 Nh5 13. 0-0 Nf4 14. Rb1 Ba6 15. Rfc1 Bh6 16. Kf2 Rfd8 17. Na4 Nxe2 18. Kxe2 Bxe3 19. Kxe3 Rd4 20. b3 Rad8 21. Rb2 Bc8 22. Nc5 g5 23. h3 f5 24. b4 h5 25. a4 f4+ 26. Ke2 g4 27. hxg4 hxg4 28. b5 R8d6 29. a5 Rh6 30. fxg4 Bxg4+ 31. Kf2 f3 32. b6 axb6 33. axb6 Rxc4 34. Rxc4 1-0

[Event "ROM-ch U16"]
[Site "Baile Felix"]
[Date "2017.02.02"]
[Round "1"]
[White "Mortu, Adrian"]
[Black "Fluerariu, Radu Cristian"]
[Result "0-1"]
[WhiteElo "1699"]
[BlackElo "1982"]
[PlyCount "46"]
[EventDate "2017.02.02"]
[EventType "swiss"]
[EventRounds "9"]
[EventCountry "ROU"]
[SourceTitle "CBM 176 Extra"]
[Source "ChessBase"]
[SourceDate "2017.03.02"]
[SourceVersion "1"]
[SourceVersionDate "2017.03.02"]
[SourceQuality "1"]

1. e4 c5 2. Ne2 g6 3. g3 Bg7 4. Bg2 Nc6 5. 0-0 d6 6. c3 Bd7 7. d3 h5 8. f4 Qc8 9. Nd2 h4 10. Nf3 hxg3 11. hxg3 Bh3 12. Nh4 Qg4 13. Bf3 Qd7 14. Rf2 Nf6 15. Rh2 Bg4 16. Qf1 0-0-0 17. Be3 Bxf3 18. Qxf3 Ng4 19. Rh1 Bf6 20. Re1 Rh7 21. Kg2 Rdh8 22. Rh3 g5 23. fxg5 Nce5 0-1

[Event "ROM-ch U16"]
[Site "Calimanesti Caciulata"]
[Date "2016.04.24"]
[Round "8"]
[White "Bobocea, Laurentiu Vlad"]
[Black "Mortu, Adrian"]
[Result "1-0"]
[WhiteElo "1728"]
[BlackElo "1704"]
[PlyCount "57"]
[EventDate "2016.04.18"]
[EventType "swiss"]
[EventRounds "9"]
[EventCountry "ROU"]
[SourceTitle "EXT 2017"]
[Source "ChessBase"]
[SourceDate "2016.10.25"]
[SourceVersion "1"]
[SourceVersionDate "2016.10.25"]
[SourceQuality "1"]

1. Nf3 d6 2. c4 Nf6 3. b3 c5 4. Bb2 e5 5. d3 g6 6. g3 Bg7 7. Bg2 0-0 8. 0-0 Nc6 9. Nc3 Be6 10. Ne4 Qc7 11. Qd2 Rfd8 12. Nfg5 h6 13. Nxf6+ Bxf6 14. Nxe6 fxe6 15. Qxh6 Qf7 16. Be4 Ne7 17. f4 Nf5 18. Qh3 Kg7 19. fxe5 dxe5 20. g4 Rh8 21. Qf3 Nh4 22. Qf2 Raf8 23. Qxc5 b6 24. Qe3 g5 25. Bxe5 Rh6 26. Qxg5+ Ng6 27. Bxf6+ Kh7 28. Bxg6+ Rxg6 29. Qh5+ 1-0

[Event "ROM-ch U16"]
[Site "Calimanesti Caciulata"]
[Date "2016.04.22"]
[Round "6"]
[White "Csurka, Roland"]
[Black "Mortu, Adrian"]
[Result "1/2-1/2"]
[WhiteElo "1791"]
[BlackElo "1704"]
[PlyCount "86"]
[EventDate "2016.04.18"]
[EventType "swiss"]
[EventRounds "9"]
[EventCountry "ROU"]
[SourceTitle "CBM 172 Extra"]
[Source "ChessBase"]
[SourceDate "2016.06.21"]
[SourceVersion "1"]
[SourceVersionDate "2016.06.21"]
[SourceQuality "1"]

1. d4 d5 2. Nf3 Nf6 3. Bf4 e6 4. e3 Bd6 5. Bg3 0-0 6. c4 c6 7. Nc3 a6 8. c5 Bc7 9. Bd3 Nbd7 10. Qc2 h6 11. 0-0 Re8 12. b4 e5 13. e4 exd4 14. Bxc7 Qxc7 15. Nxd4 Ne5 16. f3 Be6 17. Rfe1 Rad8 18. Rad1 Nxd3 19. Rxd3 Nh5 20. exd5 cxd5 21. Rde3 Qd7 22. Re5 Nf4 23. Nxe6 Rxe6 24. Qd2 Rxe5 25. Rxe5 d4 26. Ne2 Nxe2+ 27. Rxe2 d3 28. Re4 f5 29. Re1 Qd4+ 30. Kf1 a5 31. a3 axb4 32. axb4 Ra8 33. b5 f4 34. c6 bxc6 35. bxc6 Rc8 36. Rd1 Rxc6 37. Qxd3 Qxd3+ 38. Rxd3 Re6 39. Rd4 g5 40. Rd7 Kf8 41. Kf2 Rc6 42. h4 gxh4 43. Kg1 h3 1/2-1/2

[Event "ROM-ch U14"]
[Site "Calimanesti"]
[Date "2015.04.05"]
[Round "8"]
[White "Mortu, Adrian"]
[Black "Csurka, Roland"]
[Result "1/2-1/2"]
[WhiteElo "1536"]
[BlackElo "1800"]
[PlyCount "41"]
[EventDate "2015.03.30"]
[EventType "swiss"]
[EventRounds "9"]
[EventCountry "ROU"]
[SourceTitle "CBM 165 Extra"]
[Source "ChessBase"]
[SourceDate "2015.04.21"]
[SourceVersion "1"]
[SourceVersionDate "2015.04.21"]
[SourceQuality "1"]

1. e4 e5 2. Nf3 Nc6 3. d4 exd4 4. Bc4 h6 5. 0-0 d6 6. Nxd4 Ne5 7. Bb3 Nf6 8. f4 Nc6 9. Nxc6 bxc6 10. e5 Nh7 11. f5 d5 12. Kh1 Bc5 13. Qg4 Ng5 14. h3 g6 15. e6 gxf5 16. exf7+ Kxf7 17. Qh5+ Kg7 18. g4 Rg8 19. gxf5 Bxf5 20. Bd2 Bd4 21. h4 1/2-1/2

[Event "ROM-ch U14"]
[Site "Calimanesti"]
[Date "2015.04.02"]
[Round "5"]
[White "Paraschiv, Paul Alexandru"]
[Black "Mortu, Adrian"]
[Result "1-0"]
[WhiteElo "1708"]
[BlackElo "1536"]
[PlyCount "79"]
[EventDate "2015.03.30"]
[EventType "swiss"]
[EventRounds "9"]
[EventCountry "ROU"]
[SourceTitle "CBM 165 Extra"]
[Source "ChessBase"]
[SourceDate "2015.04.21"]
[SourceVersion "1"]
[SourceVersionDate "2015.04.21"]
[SourceQuality "1"]

1. e4 c5 2. Nc3 Nc6 3. f4 d6 4. Bb5 a6 5. Bxc6+ bxc6 6. Nf3 Nf6 7. 0-0 e6 8. d3 Be7 9. Bd2 0-0 10. Qe1 Qb6 11. Rb1 Nd7 12. f5 e5 13. Qg3 Kh8 14. Qh3 c4+ 15. Kh1 cxd3 16. cxd3 Bb7 17. g4 f6 18. Nh4 Rf7 19. Nf3 Rff8 20. Qh5 d5 21. Nh4 Rfe8 22. Rf3 Kg8 23. Rh3 Bf8 24. Ng6 h6 25. Rg3 dxe4 26. dxe4 c5 27. h4 Qb4 28. Re3 Nb6 29. g5 fxg5 30. hxg5 hxg5 31. Nh8 g4 32. Rg1 Re7 33. Rxg4 Rd7 34. f6 Qc4 35. Rf3 Bxe4 36. Nxe4 Raa7 37. f7+ Rxf7 38. Nxf7 Rxf7 39. Nf6+ Rxf6 40. Rxc4 1-0

[Event "ROM-ch U14"]
[Site "Calimanesti"]
[Date "2015.04.01"]
[Round "3"]
[White "Axin, Andrei"]
[Black "Mortu, Adrian"]
[Result "0-1"]
[WhiteElo "1687"]
[BlackElo "1536"]
[PlyCount "66"]
[EventDate "2015.03.30"]
[EventType "swiss"]
[EventRounds "9"]
[EventCountry "ROU"]
[SourceTitle "CBM 165 Extra"]
[Source "ChessBase"]
[SourceDate "2015.04.21"]
[SourceVersion "1"]
[SourceVersionDate "2015.04.21"]
[SourceQuality "1"]

1. e4 c5 2. Nf3 d6 3. d4 cxd4 4. Nxd4 Nf6 5. Nc3 a6 6. Be2 e6 7. 0-0 Be7 8. Be3 Nc6 9. f4 Bd7 10. f5 b5 11. a3 0-0 12. h3 Nxd4 13. Bxd4 Bc6 14. Bd3 e5 15. Be3 d5 16. exd5 Nxd5 17. Nxd5 Qxd5 18. Qg4 h5 19. Qg3 Bh4 20. Qh2 f6 21. Rad1 Rad8 22. Bf2 Bxf2+ 23. Rxf2 h4 24. Rfd2 Qd4+ 25. Kh1 Qxb2 26. Bc4+ bxc4 27. Rxd8 Rxd8 28. Rxd8+ Kh7 29. Qg1 Qxc2 30. Qf1 c3 31. Rd1 Bxg2+ 32. Qxg2 Qxd1+ 33. Kh2 Qd2 0-1

[Event "ROM-ch U14"]
[Site "Calimanesti"]
[Date "2014.04.11"]
[Round "7"]
[White "Stoica, Eduard Constantin"]
[Black "Mortu, Adrian"]
[Result "1/2-1/2"]
[WhiteElo "1567"]
[BlackElo "1499"]
[PlyCount "84"]
[EventDate "2014.04.06"]
[EventType "swiss"]
[EventRounds "9"]
[EventCountry "ROU"]
[SourceTitle "CBM 160 Extra"]
[Source "ChessBase"]
[SourceDate "2014.07.01"]
[SourceVersion "1"]
[SourceVersionDate "2014.07.01"]
[SourceQuality "1"]

1. c4 e5 2. Nc3 Nc6 3. Nf3 Nf6 4. g3 g6 5. Bg2 Bg7 6. 0-0 0-0 7. d3 d5 8. cxd5 Nxd5 9. Ng5 Nxc3 10. bxc3 Qf6 11. Ne4 Qe7 12. a4 Rd8 13. Ba3 Qe8 14. Rb1 Kh8 15. Qc1 f5 16. Nd2 Rb8 17. Nc4 Be6 18. Ne3 Bf7 19. Nc2 a6 20. Nb4 Nxb4 21. Rxb4 b6 22. Bf3 Bf6 23. Qb1 Be7 24. h4 a5 25. Rb3 Bxb3 26. Qxb3 Bxa3 27. Qxa3 e4 28. dxe4 fxe4 29. Bg4 e3 30. c4 exf2+ 31. Rxf2 Qe5 32. Kh2 h5 33. Bh3 Re8 34. Bd7 Re7 35. Bc6 Rd8 36. Qf3 Kg7 37. Bd5 c5 38. e4 Qd4 39. Qf4 Rde8 40. Bc6 Rd8 41. Bd5 Rde8 42. Bc6 Rxe4 1/2-1/2

[Event "ROM-ch U14"]
[Site "Calimanesti"]
[Date "2014.04.10"]
[Round "6"]
[White "Mortu, Adrian"]
[Black "Csurka, Roland"]
[Result "0-1"]
[WhiteElo "1499"]
[BlackElo "1712"]
[PlyCount "51"]
[EventDate "2014.04.06"]
[EventType "swiss"]
[EventRounds "9"]
[EventCountry "ROU"]
[SourceTitle "CBM 160 Extra"]
[Source "ChessBase"]
[SourceDate "2014.07.01"]
[SourceVersion "1"]
[SourceVersionDate "2014.07.01"]
[SourceQuality "1"]

1. e4 e5 2. Nf3 Nc6 3. Bc4 Bc5 4. c3 d6 5. d4 exd4 6. cxd4 Bb4+ 7. Bd2 Bxd2+ 8. Nbxd2 a6 9. 0-0 h6 10. Qc2 Nge7 11. Rfe1 0-0 12. h3 d5 13. exd5 Nxd5 14. Qe4 Nf6 15. Qd3 Nb4 16. Qb3 Nbd5 17. Ne4 Nxe4 18. Rxe4 Be6 19. Ne5 b5 20. Nc6 bxc4 21. Nxd8 cxb3 22. Nxe6 fxe6 23. Rxe6 bxa2 24. Rxa2 Nb6 25. Rc6 Rf7 26. Kf1 0-1

[Event "ROM-ch U14"]
[Site "Calimanesti"]
[Date "2014.04.09"]
[Round "5"]
[White "Apahidean, Ioan"]
[Black "Mortu, Adrian"]
[Result "1/2-1/2"]
[WhiteElo "1662"]
[BlackElo "1499"]
[PlyCount "51"]
[EventDate "2014.04.06"]
[EventType "swiss"]
[EventRounds "9"]
[EventCountry "ROU"]
[SourceTitle "CBM 160 Extra"]
[Source "ChessBase"]
[SourceDate "2014.07.01"]
[SourceVersion "1"]
[SourceVersionDate "2014.07.01"]
[SourceQuality "1"]

1. e4 c5 2. Nf3 d6 3. d4 cxd4 4. Nxd4 Nf6 5. Nc3 a6 6. Be2 e6 7. Be3 Be7 8. 0-0 Bd7 9. f4 Nc6 10. Bf3 Qc7 11. Qd2 Rc8 12. Kh1 Na5 13. Bf2 Nc4 14. Qc1 b5 15. a3 Nxb2 16. Ncxb5 axb5 17. Qxb2 Rb8 18. Rab1 0-0 19. c3 Rfe8 20. Rfc1 e5 21. fxe5 dxe5 22. Nb3 Ra8 23. Ra1 Bc6 24. c4 bxc4 25. Rxc4 Qb7 26. Bh4 1/2-1/2

[Event "ROM-ch U14"]
[Site "Calimanesti"]
[Date "2014.04.09"]
[Round "4"]
[White "Mortu, Adrian"]
[Black "Bresug, Alexandru Andrei"]
[Result "1-0"]
[WhiteElo "1499"]
[BlackElo "1221"]
[PlyCount "21"]
[EventDate "2014.04.06"]
[EventType "swiss"]
[EventRounds "9"]
[EventCountry "ROU"]
[SourceTitle "CBM 160 Extra"]
[Source "ChessBase"]
[SourceDate "2014.07.01"]
[SourceVersion "1"]
[SourceVersionDate "2014.07.01"]
[SourceQuality "1"]

1. e4 c5 2. Ne2 Nc6 3. d4 cxd4 4. Nxd4 g6 5. Nc3 Bg7 6. Be3 Nf6 7. a3 Qa5 8. Nxc6 dxc6 9. Qd2 Qe5 10. 0-0-0 Nxe4 11. Qd8# 1-0